01382nam a2200349Ia 4500001001200000003000800012006001900020007001500039008004100054010001700095015001500112020001500127020001500142040002100157035002100178050002400199082002600223245014400249260003200393300002400425500002000449504005100469533015200520650005600672650003800728655002900766700002000795710005700815710001700872856012600889999001701015ebr10128883CaPaEBRm u cr cn|||||||||011217s2002 enka sb o001 0 eng d z 2002001159 aGBA2-Z8122 z1853838608 z1853838616 aCaPaEBRcCaPaEBR a(OCoLC)61489390814aHV4173b.U73 2002eb04a362.509173209172422100aUrban livelihoodsh[electronic resource] :ba people-centred approach to reducing poverty /cedited by Carole Rakodi with Tony Lloyd-Jones. aLondon :bEarthscan,c2002. axxi, 306 p. :bill. aOn cover: DFID. aIncludes bibliographical references and index. aElectronic reproduction.bPalo Alto, Calif. :cebrary,d2011.nAvailable via World Wide Web.nAccess may be limited to ebrary affiliated libraries. 0aCommunity development, UrbanzDeveloping countries. 0aUrban poorzDeveloping countries. 7aElectronic books.2local1 aRakodi, Carole.1 aGreat Britain.bDept. for International Development.2 aebrary, Inc.40uhttp://site.ebrary.com/lib/rucke/Doc?id=10128883zAn electronic book accessible through the World Wide Web; click to view c81549d81549